Electronic Principles (Record no. 14179)
[ view plain ]
| 000 -LEADER | |
|---|---|
| fixed length control field | 00360nam a22001457a 4500 |
| 020 ## - INTERNATIONAL STANDARD BOOK NUMBER | |
| ISBN | 0074637282 |
| 082 ## - DEWEY DECIMAL CLASSIFICATION NUMBER | |
| Classification number | 621.3515 |
| Item number | MAL/EL |
| 100 ## - MAIN ENTRY--AUTHOR NAME | |
| Personal name | Malvino, Albert paul |
| 245 ## - TITLE STATEMENT | |
| Title | Electronic Principles |
| 250 ## - EDITION STATEMENT | |
| Edition statement | 6th |
| 260 ## - PUBLICATION, DISTRIBUTION, ETC. (IMPRINT) | |
| Place of publication | New Delhi |
| Name of publisher | Tata Mc Graw Hill Publishing co. |
| Year of publication | 2002 |
| 300 ## - PHYSICAL DESCRIPTION | |
| Number of Pages | 1012 |
| 650 ## - SUBJECT ADDED ENTRY--TOPICAL TERM | |
| Topical Term | Electronics |
| 942 ## - ADDED ENTRY ELEMENTS (KOHA) | |
| Koha item type | Books |
No items available.
